1817 1055 1273 1918 1322 1385 1548 1305 1707 1350 1199 1373 1133 1937 1473 1163 1226 1958 1845 1645 1061 1388 1888 1272 1661 1619 1209 1254 1540 1427 1101 1304 1809 1827 1135 1821 1502 1807 1902 1985 1702 1422 1594 1253 1867 1148 1270 1296 1713 1732 1595 1044 1761 1487 1931 1224 1074 1542 1322 1803 1475 1157 1402 1823 1577 1963 1107 1268 1859 1530 1226 1420 1400 1969 1757 1910 1723 1977 1521 1240 1354 1269 1209 1330 1291 1857 1614 1818 1239 1735 1559 1228 1713 1407 1004 1331 1850 1821 1136 BCNSPRNW ULIB Ver.6.0+V

เปลี่ยนเป็นภาษาไทย

Change to English
 แสดงรายละเอียดบรรณานุกรม
  กลับหน้าหลัก

Brief Record : Get Marc (ISO 2709) : E-mail record : QR code < ปิดหน้าต่าง
LEADER : 00000nam 2200000uu 4500
001    13399127783
003     ULIB
008    210824s2564||||th 000 0 tha d
020    ^a9789740339991
060  0 ^aWT100^bส838ก
100 0  ^aสุภาภรณ์ สุดหนองบัว,^eผู้แต่ง
245 10 ^aการดูแลผู้สูงอายุ :^bสถานการณ์และคุณภาพชีวิต /^cสุภาภรณ์ สุดหนองบัว
250    ^aพิมพ์ครั้งที่ 1
260    ^aกรุงเทพฯ :^bสำนักพิมพ์จุฬาลงกรณ์มหาวิทยาลัย,^c2564
300    ^a218 หน้า :^bแผนภูมิ ;^c26 ซม
505 2  ^aสถานการณ์ของจำนวนผู้สูงอายุทั้งในระดับโลกและระดับประเทศ --ความหมายและความสำคัญของการดูแลผู้สูงอายุ --รูปแบบการดูแลผู้สูงอายุของชาติตะวันตกและเอเชีย -- คุณภาพชีวิตผู้สูงอายุ --การปรับตัวของผู้สูงอายุต่อการเปลี่ยนแปลงทางสังคม --การจัดที่อยู่อาศัยของผู้สูงอายุ --ผลกระทบของการย้ายถิ่นของบุตรต่อความรู้สึกของพ่อแม่ที่สูงอายุ --แรงสนับสนุนทางสังคมในผู้สูงอายุ --ความต้องการและความคาดหวังของผู้สูงอายุ --ภาวะเศรษฐกิจในผู้สูงอายุและการจัดสวัสดิการผู้สูงอายุในประเทศไทย
650  7 ^aผู้สูงอายุ^xการดูแล
650  7 ^aผู้สูงอายุ^xสุขภาพและอนามัย
945    ^p250^l0^i008160
945    ^p250^l0^i008161
945    ^p250^l0^i008162
945    ^p250^l0^i008163
945    ^p250^l0^i008164
945    ^p250^l0^i008165
945    ^p250^l0^i008166
999    ^aประนอม เกษจรัล
รายการนี้ยังไม่มีแท็ก
คุณยังไม่ได้ล็อกอิน คุณสามารถมีกิจกรรมร่วมกับเว็บไซต์ได้ แต่ต้องล็อกอินก่อน ::
  ล็อกอิน

รายการสื่อสารสนเทศ

ลำดับที่ ประเภท เลขเรียก/บาร์โค้ด สถานที่ สถานะ
1. วิทยาศาสตร์การแพทย์ และสุขภาพ
หนังสือสำรอง
สถานะ=หนังสือสำรอง
WT100 ส838ก ฉ.1 
  Barcode: 008160
ห้องสมุดวิทยาเขตสวรรค์ประชารักษ์
►หนังสือทั่วไป
บนชั้น
2. วิทยาศาสตร์การแพทย์ และสุขภาพ
วิทยาศาสตร์การแพทย์ และสุขภาพ
WT100 ส838ก ฉ.2 
  Barcode: 008161
ห้องสมุดวิทยาเขตสวรรค์ประชารักษ์
►หนังสือทั่วไป
บนชั้น
3. วิทยาศาสตร์การแพทย์ และสุขภาพ
วิทยาศาสตร์การแพทย์ และสุขภาพ
WT100 ส838ก ฉ.3 
  Barcode: 008162
ห้องสมุดวิทยาเขตสวรรค์ประชารักษ์
►หนังสือทั่วไป
บนชั้น
4. วิทยาศาสตร์การแพทย์ และสุขภาพ
วิทยาศาสตร์การแพทย์ และสุขภาพ
WT100 ส838ก ฉ.4 
  Barcode: 008163
ห้องสมุดวิทยาเขตสวรรค์ประชารักษ์
►หนังสือทั่วไป
บนชั้น
5. วิทยาศาสตร์การแพทย์ และสุขภาพ
วิทยาศาสตร์การแพทย์ และสุขภาพ
WT100 ส838ก ฉ.5 
  Barcode: 008164
ห้องสมุดวิทยาเขตสวรรค์ประชารักษ์
►หนังสือทั่วไป
บนชั้น
6. วิทยาศาสตร์การแพทย์ และสุขภาพ
วิทยาศาสตร์การแพทย์ และสุขภาพ
WT100 ส838ก ฉ.6 
  Barcode: 008165
ห้องสมุดวิทยาเขตสวรรค์ประชารักษ์
►หนังสือทั่วไป
บนชั้น
7. วิทยาศาสตร์การแพทย์ และสุขภาพ
วิทยาศาสตร์การแพทย์ และสุขภาพ
WT100 ส838ก ฉ.7 
  Barcode: 008166
ห้องสมุดวิทยาเขตสวรรค์ประชารักษ์
►หนังสือทั่วไป
บนชั้น

รายการใกล้เคียง
    หัวเรื่อง [ผู้สูงอายุ การดูแล]

BibComment


ยังไม่เคยถูกคอมเมนท์

คอมเมนท์ทรัพยากรรายการนี้
  คอมเมนท์: การดูแลผู้สูงอาย..


 Copyright 2026. Bcnsprnw @Library